01039cam a2200289 i 450000100090000000300040000900500170001300800410003001000170007102000180008804000230010604200150012904300120014408200210015610000320017724502280020925000180043726400600045530000290051533600210054433700250056533800230059050400410061365000310065465000220068565100420070717877694OSt20230602102118.0130906s2011 ke b 000 0 eng  a 2013441157 a9789966156419 aDLCbengcDLCerda alcodeapcc af-ke--- a364.1316762bOKO1 aNyawalo, Phoebe Akinyi-Dar.14aThe invisible violence in Kenya :ba case study of Rift Valley and Western regions /cPhoebe Akinyi-Dar Nyawalo, George Odhiambo Kabongah, Otieno Ombok, Patrick Leo Kamau Magero, Moses Onyango, Manasseh Wepundi, John Obiri. aFirst edition 1aNairobi, Kenya :bKonrad Adenauer-Stiftung e.V.,c2011. axxxx, 253 pages ;c21 cm atext2rdacontent aunmediated2rdamedia avolume2rdacarrier aIncludes bibliographical references. 0aPolitical violencezKenya. 0aElectionszKenya. 0aKenyaxPolitics and governmenty2002-